LEADER 03632nam 2200601 450 001 9910810900103321 005 20200520144314.0 010 $a1-000-98142-8 010 $a1-000-97616-5 010 $a1-003-44756-2 010 $a1-62036-578-2 035 $a(CKB)4100000005116687 035 $a(Au-PeEL)EBL5447542 035 $a(CaPaEBR)ebr11591366 035 $a(OCoLC)1044792455 035 $a(MiAaPQ)EBC5447542 035 $a(EXLCZ)994100000005116687 100 $a20180724d2018 uy 0 101 0 $aeng 135 $aurcnu|||||||| 181 $ctxt$2rdacontent 182 $cc$2rdamedia 183 $acr$2rdacarrier 200 04$aThe analytics revolution in higher education $ebig data, organizational learning, and student success /$fedited by Jonathan S. Gagliardi, Amelia Parnell, and Julia Carpenter-Hubin ; foreword by Randy L. Swing 205 $aFirst edition. 210 1$aSterling, Virginia :$cStylus Publishing, LLC,$d[2018] 210 4$dİ2018 215 $a1 online resource (240 pages) 311 $a1-62036-576-6 320 $aIncludes bibliographical references and index. 327 $aThe analytics revolution in higher education / Jonathan S. Gagliardi -- Higher education decision support : building capacity, adding value / Daniel Cohen-Vogel -- Cultural and organizational structures and functions of institutional research / Julia Carpenter-Hubin and Jason Sullivan -- Data analytics for student success : elaborate profusion of institutional research into student affairs / Amelia Parnell -- The IT-IR nexus : three essentials for driving institutional change through data and analytics / Timothy Chester -- Pursuit of analytics and the challenge of organizational change management for institutional research / Angela Y. Baldasare -- Enrollment to career : dynamics of education and the workforce / Stephanie Bond-Huie -- State system research : increasing products, data, roles, and stakeholders / Angela Bell -- Moving from data to action : changing institutional culture and behavior / Desdemona Cardoza and Jeff Gold -- New and emerging frameworks for decision analytics : a data governance perspective / Ronald L. Huesman and Steve A. Gillard -- Examining how the analtics revolution matters to higher education policy makers : data analytics, systemness, and enabling student success / Jason E. Lane -- Evolving from reflective to predictive : Montgomery Community College and analytics / Celeste Schwartz, Kent Phillipe, David Kowalski, and Angela Polec -- Unpacking the messiness of harnessing the analytics revolution / Jonathan S. Gagliardi. 606 $aEducation, Higher$xResearch$zUnited States$xData processing 606 $aEducation, Higher$xResearch$zUnited States$xStatistical methods 606 $aEducational statistics$zUnited States 606 $aUniversities and colleges$zUnited States$xAdministration$xData processing 615 0$aEducation, Higher$xResearch$xData processing. 615 0$aEducation, Higher$xResearch$xStatistical methods. 615 0$aEducational statistics 615 0$aUniversities and colleges$xAdministration$xData processing. 676 $a378.007 702 $aSwing$b Randy L. 702 $aParnell$b Amelia R. 702 $aGagliardi$b Jonathan S. 702 $aCarpenter-Hubin$b Julia 712 02$aAssociation for International Research, 712 02$aAmerican Council on Education, 801 0$bMiAaPQ 801 1$bMiAaPQ 801 2$bMiAaPQ 906 $aBOOK 912 $a9910810900103321 996 $aThe analytics revolution in higher education$94048759 997 $aUNINA LEADER 04199nam 22006375 450 001 9910350350303321 005 20251116220311.0 010 $a981-13-8958-6 024 7 $a10.1007/978-981-13-8958-0 035 $a(CKB)4100000009451822 035 $a(DE-He213)978-981-13-8958-0 035 $a(MiAaPQ)EBC5889016 035 $a(PPN)260305669 035 $a(iGPub)SPNA0064365 035 $a(EXLCZ)994100000009451822 100 $a20190831d2019 u| 0 101 0 $aeng 135 $aurnn#008mamaa 181 $ctxt$2rdacontent 182 $cc$2rdamedia 183 $acr$2rdacarrier 200 10$aClinical Epigenetics /$fedited by Luke B. Hesson, Antonia L. Pritchard 205 $a1st ed. 2019. 210 1$aSingapore :$cSpringer Singapore :$cImprint: Springer,$d2019. 215 $a1 online resource (XI, 265 p. 34 illus., 8 illus. in color.) 311 08$a981-13-8957-8 320 $aIncludes bibliographical references and index. 327 $aGenetics and epigenetics: a Historical Overview -- The DNA methylation machinery -- Methylcytosine and its oxidised derivatives -- The role of nucleosomes in epigenetic gene regulation -- Circular RNAs in human health and disease -- The role of histone variants in cancer -- DNA methylation and carcinogenesis: Current and future perspectives -- Dysregulation of cis-regulatory elements in cancer -- Germline epigenetic testing of imprinting disorders in a diagnostic setting -- Cancer methylation biomarkers in circulating cell-free DNA -- The clinical utility of epigenetics. 330 $aIn genetic pathology, epigenetic testing is rare and under utilised. In this book, we introduce epigenetics to a non-expert scientific audience and describe current and future clinical utility of epigenetic testing. By focussing on epigenetics in human disease this book will guide professionals (scientists and clinicians) to understand how epigenetics is relevant in a clinical context, and to implement epigenetic testing in diagnostic laboratories. The book begins with a historical perspective of genetics and epigenetics and describes the work of pioneers who have helped shape these fields. The various mechanisms by which epigenetics can regulate the function of the genome is described. These include DNA methylation, histone modifications, histone variants, nucleosome positioning, cis-regulatory elements, non-coding RNAs and the three-dimensional organisation of chromatin in the nucleus. These are discussed in the context of embryological development, cancer and imprinting disorders, and include examples of epigenetic changes that can be used in diagnosis, prediction of therapeutic response, prognostication or disease monitoring. Finally, for those wishing to implement epigenetic testing in a diagnostic setting, the book includes a case study that illustrates the clinical utility of epigenetic testing. 606 $aGene expression 606 $aMedical genetics 606 $aGene therapy 606 $aCytogenetics 606 $aMolecular biology 606 $aGene Expression$3https://scigraph.springernature.com/ontologies/product-market-codes/B12010 606 $aGene Function$3https://scigraph.springernature.com/ontologies/product-market-codes/B12030 606 $aGene Therapy$3https://scigraph.springernature.com/ontologies/product-market-codes/B12020 606 $aCytogenetics$3https://scigraph.springernature.com/ontologies/product-market-codes/B12040 606 $aMolecular Medicine$3https://scigraph.springernature.com/ontologies/product-market-codes/B1700X 615 0$aGene expression. 615 0$aMedical genetics. 615 0$aGene therapy. 615 0$aCytogenetics. 615 0$aMolecular biology. 615 14$aGene Expression. 615 24$aGene Function. 615 24$aGene Therapy. 615 24$aCytogenetics. 615 24$aMolecular Medicine. 676 $a611.01816 702 $aHesson$b Luke B.$4edt$4http://id.loc.gov/vocabulary/relators/edt 702 $aPritchard$b Antonia L.$4edt$4http://id.loc.gov/vocabulary/relators/edt 906 $aBOOK 912 $a9910350350303321 996 $aClinical epigenetics$91908812 997 $aUNINA